Rieckert, H.: Hypotonie

Bibliographic Details
Main Authors: Ondrejička, Mikuláš, 1910-1995 (Author), Rieckert, H. (Author)
Format: Article
Language:Slovak
Subjects:

MARC

LEADER 00000nab a2200000 a 4500
001 vtls000075476
003 SK-MaSNL
005 20260304054648.0
008 250422c1980 xo 0 slo
015 |a SNBRB19rr/mm-uuuuu 
035 |a CL0085577 
035 |a urn:nbn:sk:snk-ab221 
035 |a (urnnbn)urn:nbn:sk:snk:ar-a03jyj 
035 |a (uuid)28a7330a-b3db-462d-9f79-82bf529819ec 
040 |a SNKBUCL  |b slo  |c SNKBUCL  |e AACR2 
041 0 |a slo 
044 |a xo  |c SK 
080 |a 616.1  |2 1981 
100 1 |a Ondrejička, Mikuláš,  |d 1910-1995  |4 aut  |9 202736 
245 1 0 |a Rieckert, H.: Hypotonie  |c Mikuláš Ondrejička ; H. Rieckert 
650 0 7 |a hypotenzia  |2 snkbucl  |9 17861 
655 7 |a články z novín a časopisov  |2 snkbucl  |9 267496 
700 1 |a Rieckert, H.  |4 aut  |9 1331232 
773 0 |t Bratislavské lekárske listy  |g Roč. 74, č. 6 (1980), s. 696 
787 0 8 |i Rec.:  |a Rieckert, H.  |t Hypotonie  |d Berlin - Heidelberg : Springer - Verlag, 1979 
850 |a Slovenská národná knižnica 
852 |a Slovenská národná knižnica 
954 |a odborná, vedecká literatúra pôvodná (slovenská)  |2 lita 
958 |a article27 
958 |a RK 
958 |a MI 
958 |a OND 
958 |a EUIPO 
992 |a RBX 
999 |c 2720021  |d 2721951